| 000 | 01086nam a2200301Ia 4500 | ||
|---|---|---|---|
| 001 | Para_9101 | ||
| 003 | CHAP | ||
| 008 | 220125s2006 xx 000 0 und d | ||
| 010 | _a207824 | ||
| 040 | _cCHAP | ||
| 090 | _aPA TESIS 1959 | ||
| 100 |
_aMariscal Amaro, Luis Antonio _971415 |
||
| 245 |
_aGenética de la resistencia a roya de la hoja (Puccinia triticina E.) en líneas elite de trigo duro (Triticum turgidum va. durum L.) para riego / _c por Luis Antonio Mariscal Amaro |
||
| 260 |
_aChapingo, Méx. : _b el autor |
||
| 300 | _a41 h. | ||
| 502 | _aTesis (M.C. Esp. en Protección Vegetal) UACh. Departamento Parasitología Agrícola | ||
| 650 |
_aPuccinia triticina _992832 |
||
| 650 |
_aTrigo _x enfermedades por hongos _9115018 |
||
| 650 |
_aTrigo _x variedades resistentes a enfermedades _9115120 |
||
| 710 |
_aUACh. Departamento Parasitología Agrícola _9164025 |
||
| 901 | _aPA TESIS 1959 | ||
| 902 | _aA | ||
| 905 | _a0000002006 n 0000000000spa00 | ||
| 910 | _a2006 | ||
| 942 | _cPARA | ||
| 942 |
_cPARA _d2 |
||
| 999 |
_c207824 _d207824 |
||